| 000 | 00616nam a2200181 i 4500 | ||
|---|---|---|---|
| 001 | 114940 | ||
| 003 | ES-MaACL | ||
| 005 | 20230906190305.0 | ||
| 007 | t| | ||
| 008 | 070213s1948 sp ||||1| spa d | ||
| 245 | 0 | 0 | _aInforme sobre los barcos mercantes soldados, construidos en Estados Unidos durante la guerra. |
| 260 |
_aMadrid : _bConsejo Superior de Investigaciones CientÃficas, _c1948. |
||
| 300 |
_a20 p. ; _c30 cm. |
||
| 490 | 1 |
_aInstituto de la Soldadura: Publicaciones ; _v2 |
|
| 830 | 0 |
_aInstituto de la Soldadura: Publicaciones ; _v2 _9185853 |
|
| 852 |
_aES-MaACL _jC-56539 |
||
| 999 |
_c114940 _d114940 |
||